[Event "Kretsmesterskap  i lagsjakk for Troms og"]
[Site "Hotell Thon - Arena Hall"]
[Date "2025.02.02"]
[Round "5"]
[White "Natvig, Håkon T."]
[Black "Andreassen, Erik T."]
[Result "1-0"]
[WhiteElo "1786"]
[BlackElo "1808"]
[PlyCount "103"]
[EventDate "2025.??.??"]

1. Nf3 Nf6 2. c4 g6 3. Nc3 d5 4. cxd5 Nxd5 5. e3 Bg7 6. Bc4 e6 7. d4 O-O 8. O-O
a6 9. e4 Nxc3 10. bxc3 b5 11. Bb3 Bb7 12. Re1 c5 13. Bb2 Nc6 14. dxc5 Na5 15.
Qxd8 Rfxd8 16. Rac1 Rac8 17. Ba3 Nc4 18. Bxc4 bxc4 19. Nd4 Bxd4 20. cxd4 Rxd4
21. f3 Rd3 22. Bb4 a5 23. Bxa5 Rxc5 24. Bb4 Rc8 25. Red1 Rxd1+ 26. Rxd1 c3 27.
Rc1 c2 28. Kf2 f5 29. exf5 gxf5 30. Ke3 Bd5 31. a3 Ba2 32. Kd2 Bb1 33. Re1 Kf7
34. Kc1 h5 35. f4 Rd8 36. g3 h4 37. Rg1 Kg6 38. gxh4+ Kh5 39. Re1 Kxh4 40. Be7+
Kg4 41. Bxd8 Kxf4 42. Rxe6 Ba2 43. Rb6 Bd5 44. Kxc2 Ke3 45. Rf6 Ke4 46. Kd2 f4
47. Bb6 f3 48. Ke1 Ke5 49. Rf8 Bc6 50. Kf2 Ke6 51. h4 Ke7 52. Rxf3 1-0

[Event "Kretsmesterskap  i lagsjakk for Troms og"]
[Site "Hotell Thon - Arena Hall"]
[Date "2025.02.01"]
[Round "3"]
[White "Natvig, Håkon T."]
[Black "Halvorsen, Benjamin"]
[Result "1/2-1/2"]
[WhiteElo "1786"]
[BlackElo "1916"]
[PlyCount "99"]
[EventDate "2025.??.??"]

1. Nf3 f5 2. d4 Nf6 3. b3 e6 4. Bb2 d5 5. Nbd2 Bd6 6. e3 O-O 7. c4 c6 8. Be2
Ne4 9. O-O b6 10. cxd5 exd5 11. Rc1 Bb7 12. Ne5 Rf6 13. Ndf3 Nd7 14. Bd3 Rh6
15. Qe2 g5 16. Nxd7 Qxd7 17. Ne5 Qe8 18. f3 Qh5 19. g4 Qh3 20. Qg2 Nf6 21. Qxh3
Rxh3 22. Bxf5 c5 23. Rc2 Bc8 24. Bxc8 Rxc8 25. Kg2 Rh6 26. h3 Rc7 27. Rfc1 Re7
28. a3 Nd7 29. f4 gxf4 30. exf4 cxd4 31. Bxd4 Nxe5 32. Bxe5 Bxe5 33. fxe5 Rhe6
34. Rc8+ Kg7 35. R1c7 Rxe5 36. Rxe7+ Rxe7 37. Rd8 Re2+ 38. Kf3 Rb2 39. Rd7+ Kg6
40. Rxa7 Rxb3+ 41. Kg2 b5 42. Rd7 Rxa3 43. Rxd5 b4 44. h4 Rb3 45. Rb5 Rb1 46.
Rb6+ Kg7 47. Rb7+ Kg8 48. Rb8+ Kf7 49. Rb7+ Kg8 50. Rb8+ 1/2-1/2

[Event "Kretsmesterskap  i lagsjakk for Troms og"]
[Site "Hotell Thon - Arena Hall"]
[Date "2025.01.31"]
[Round "1"]
[White "Natvig, Håkon T."]
[Black "Randers-Pehrson, Aslak R."]
[Result "1-0"]
[WhiteElo "1786"]
[BlackElo "1507"]
[PlyCount "32"]
[EventDate "2025.??.??"]

1. Nf3 d5 2. d4 e6 3. c4 Bb4+ 4. Bd2 Nc6 5. a3 Bxd2+ 6. Nbxd2 Nf6 7. e3 O-O 8.
Bd3 Re8 9. O-O b6 10. cxd5 Qxd5 11. Rc1 e5 12. e4 Qd8 13. Rxc6 Bg4 14. d5 Qd7
15. Qc2 Rac8 16. Rc1 Nxd5 1-0

[Event "Kretsmesterskap  i lagsjakk for Troms og"]
[Site "Hotell Thon - Arena Hall"]
[Date "2025.02.02"]
[Round "4"]
[White "Olsen, Alex B."]
[Black "Solbu, August"]
[Result "0-1"]
[WhiteElo "1589"]
[BlackElo "1917"]
[PlyCount "64"]
[EventDate "2025.??.??"]

1. e4 c5 2. Nf3 Nc6 3. Nc3 g6 4. Bc4 Bg7 5. d3 d6 6. h3 e6 7. O-O Nge7 8. Re1
a6 9. a3 O-O 10. Bg5 h6 11. Be3 d5 12. exd5 exd5 13. Bxc5 dxc4 14. dxc4 Bxc3
15. Qxd8 Rxd8 16. bxc3 Re8 17. Nd4 Bd7 18. Rad1 Nxd4 19. Rxe7 Ne6 20. Rdxd7
Nxc5 21. Rxe8+ Rxe8 22. Rc7 b6 23. Rc6 Re1+ 24. Kh2 Re6 25. Rxe6 fxe6 26. Kg3
Ne4+ 27. Kf4 Nxf2 28. Ke3 Nd1+ 29. Kd2 Nb2 30. a4 Nxc4+ 31. Kd3 Nb2+ 32. Kd4
Nxa4 0-1

[Event "Kretsmesterskap  i lagsjakk for Troms og"]
[Site "Hotell Thon - Arena Hall"]
[Date "2025.02.01"]
[Round "3"]
[White "Olsen, Preben J."]
[Black "Pettersen, Magnor"]
[Result "1-0"]
[WhiteElo "1679"]
[BlackElo "1716"]
[PlyCount "47"]
[EventDate "2025.??.??"]

1. e4 c5 2. Nf3 d6 3. c3 Nf6 4. Be2 Nc6 5. d4 cxd4 6. cxd4 g6 7. d5 Ne5 8. Nxe5
dxe5 9. Nc3 a6 10. a4 Bg7 11. Qb3 O-O 12. O-O Ne8 13. Be3 Nd6 14. f3 e6 15.
Rfd1 Qe7 16. Bc5 Rd8 17. Qb6 Bf8 18. Rd2 exd5 19. Nxd5 Qg5 20. Rad1 Bh3 21. Bf1
Rd7 22. Be3 Qd8 23. Qxd8 Rdxd8 24. gxh3 1-0

[Event "Kretsmesterskap  i lagsjakk for Troms og"]
[Site "Hotell Thon - Arena Hall"]
[Date "2025.01.31"]
[Round "1"]
[White "Olsen, Preben J."]
[Black "Strøm, Henrik M."]
[Result "1-0"]
[WhiteElo "1679"]
[BlackElo "1633"]
[PlyCount "83"]
[EventDate "2025.??.??"]

1. e4 e6 2. d4 d5 3. e5 c5 4. c3 Nc6 5. Nf3 Qb6 6. a3 Bd7 7. b4 cxd4 8. cxd4
Nge7 9. Be3 Nf5 10. Bd3 Nxe3 11. fxe3 g6 12. O-O Bh6 13. Qe2 O-O 14. Nbd2 Rac8
15. h4 Ne7 16. Nh2 Nf5 17. Ng4 Bxe3+ 18. Nxe3 Ng3 19. Qg4 Nxf1 20. Ndxf1 Rc3
21. Rd1 Ba4 22. Rd2 Rxa3 23. h5 Be8 24. Ng3 Qxb4 25. Nef1 Qe7 26. hxg6 fxg6 27.
Nh5 Ra4 28. Nf6+ Rxf6 29. exf6 Qxf6 30. Bc2 Ra1 31. Rf2 Qe7 32. Bd3 b5 33. Kh2
b4 34. Nd2 h5 35. Qf4 g5 36. Qb8 g4 37. g3 a6 38. Bg6 Kg7 39. Bxe8 Kh6 40. Bf7
h4 41. Qh8+ Kg5 42. Qh5# 1-0

[Event "Kretsmesterskap  i lagsjakk for Troms og"]
[Site "Hotell Thon - Arena Hall"]
[Date "2025.02.01"]
[Round "2"]
[White "Pettersen, Magnor"]
[Black "Solbu, August"]
[Result "0-1"]
[WhiteElo "1716"]
[BlackElo "1917"]
[PlyCount "90"]
[EventDate "2025.??.??"]

1. d4 d5 2. Nf3 Nf6 3. e3 e6 4. Bd3 Be7 5. b3 O-O 6. Bb2 b6 7. Nbd2 Bb7 8. O-O
c5 9. Ne5 Nc6 10. a3 Rc8 11. f4 Qc7 12. Rc1 Rfd8 13. Qe2 g6 14. c4 Qb8 15. cxd5
Nxd5 16. Ne4 Qa8 17. dxc5 bxc5 18. Nxc6 Rxc6 19. Rfd1 Rb6 20. Nd2 a5 21. a4 Qa7
22. Bc4 Ba8 23. Nf3 Qb7 24. Rd2 Nf6 25. Rxd8+ Bxd8 26. Rd1 Be7 27. Be5 Nd7 28.
Bb2 Rd6 29. Rxd6 Bxd6 30. Qd2 Be7 31. Bb5 Nf6 32. Be5 Ne4 33. Qd3 g5 34. Qd7
Qxd7 35. Bxd7 g4 36. Ne1 Bd5 37. Bc7 Bxb3 38. Bxa5 c4 39. Bc6 Nc5 40. Bb4 Kf8
41. Kf1 Nxa4 42. Bxa4 Bxb4 43. Bxb3 cxb3 44. Nd3 Bc3 45. Ke2 b2 0-1

[Event "Kretsmesterskap  i lagsjakk for Troms og"]
[Site "Hotell Thon - Arena Hall"]
[Date "2025.01.31"]
[Round "5"]
[White "Rafnung, Skjalg"]
[Black "Sørensen, O.."]
[Result "1-0"]
[WhiteElo "1768"]
[BlackElo "1713"]
[PlyCount "109"]
[EventDate "2025.??.??"]

1. e4 e5 2. Nf3 Nc6 3. d4 exd4 4. c3 Qe7 5. Bd3 d5 6. O-O dxe4 7. Bxe4 Nf6 8.
Bg5 h6 9. Bh4 Qd6 10. Re1 Be7 11. Bg3 Qd8 12. Bxc6+ bxc6 13. Nxd4 Bd7 14. Qe2
Rb8 15. b3 c5 16. Bxc7 Bg4 17. Qxe7+ Qxe7 18. Rxe7+ Kxe7 19. Bxb8 cxd4 20. Bxa7
d3 21. Nd2 Nd5 22. f3 Be6 23. c4 Nc3 24. Kf2 Ra8 25. Bc5+ Kd7 26. a4 Kc6 27.
Bd4 Ne2 28. Bxg7 Bf5 29. Bxh6 Rh8 30. Bg7 Rxh2 31. Be5 Rh6 32. a5 Kb7 33. g4
Bc8 34. Ne4 f5 35. Nc5+ Ka8 36. Nxd3 fxg4 37. Kxe2 gxf3+ 38. Kxf3 Rh3+ 39. Ke4
Bb7+ 40. Kd4 Rh4+ 41. Kc5 Rh3 42. Kd4 Rh4+ 43. Kc3 Rh3 44. b4 Be4 45. Rd1 Kb7
46. b5 Ka7 47. c5 Kb7 48. c6+ Ka8 49. c7 Bb7 50. Kc4 Ka7 51. Kc5 Rh5 52. Rg1
Rf5 53. Rg8 Bc8 54. Rxc8 Rh5 55. Ra8+ 1-0

[Event "Kretsmesterskap  i lagsjakk for Troms og"]
[Site "Hotell Thon - Arena Hall"]
[Date "2025.02.01"]
[Round "3"]
[White "Rafnung, Skjalg"]
[Black "Thoresen, Rune"]
[Result "0-1"]
[WhiteElo "1768"]
[BlackElo "1666"]
[PlyCount "98"]
[EventDate "2025.??.??"]

1. e4 e5 2. Bc4 Bc5 3. Ne2 Nc6 4. d3 Nf6 5. O-O O-O 6. Bg5 h6 7. Bh4 Be7 8. h3
Na5 9. Bb3 Nxb3 10. axb3 c6 11. Bg3 d6 12. Nd2 Nd7 13. f4 Bf6 14. f5 d5 15. Nf3
Re8 16. Nc3 Nc5 17. Bf2 d4 18. Ne2 Nd7 19. b4 b6 20. c3 c5 21. bxc5 bxc5 22.
Qc2 Nb6 23. Ra2 Bb7 24. Rfa1 a6 25. b4 c4 26. dxc4 d3 27. Qd2 Nxc4 28. Qd1 Bxe4
29. Ng3 Bb7 30. Nd2 Nxd2 31. Qxd2 Qd5 32. Be3 e4 33. Ra5 Qb3 34. R5a3 Qc4 35.
Nh5 Qc6 36. Rc1 Re5 37. Nxf6+ Qxf6 38. Bd4 Qxf5 39. Bxe5 Qxe5 40. Ra5 Qe6 41.
Qe3 Rd8 42. Raa1 Qg6 43. Rd1 f5 44. Ra2 Qf6 45. Rc1 f4 46. Qe1 e3 47. Rd1 Qg6
48. Qf1 f3 49. g4 f2+ 0-1

[Event "Kretsmesterskap  i lagsjakk for Troms og"]
[Site "Hotell Thon - Arena Hall"]
[Date "2025.01.31"]
[Round "4"]
[White "Randers-Pehrson, Aslak"]
[Black "Andreassen, Erik T."]
[Result "0-1"]
[WhiteElo "1507"]
[BlackElo "1808"]
[PlyCount "62"]
[EventDate "2025.??.??"]

1. d4 d5 2. Nf3 Nf6 3. c4 c6 4. Nc3 e6 5. e3 Be7 6. Bd3 Nbd7 7. O-O b6 8. Ne5
Nxe5 9. dxe5 Nd7 10. f4 Qc7 11. Qg4 g6 12. cxd5 exd5 13. Qf3 Bb7 14. Bd2 a6 15.
Rfc1 Qd8 16. Ne2 Nc5 17. Bc2 Ne4 18. Rd1 Nxd2 19. Rxd2 O-O 20. f5 Re8 21. Nf4
Bc5 22. fxg6 fxg6 23. e6 Qf6 24. Bb3 Rxe6 25. Nxe6 Qxf3 26. gxf3 Bxe3+ 27. Kg2
Bxd2 28. Rd1 Bb4 29. Rd4 Bd6 30. Ng5 Re8 31. Kf2 Bc5 0-1

[Event "Kretsmesterskap  i lagsjakk for Troms og"]
[Site "Hotell Thon - Arena Hall"]
[Date "2025.02.02"]
[Round "5"]
[White "Remman, Frank"]
[Black "Fredriksen, Johnny"]
[Result "1-0"]
[WhiteElo "1869"]
[BlackElo "1812"]
[PlyCount "103"]
[EventDate "2025.??.??"]

1. d4 Nf6 2. c4 g6 3. g3 Bg7 4. Bg2 d5 5. Nf3 O-O 6. O-O c6 7. Nc3 Na6 8. b3
Nc7 9. Bb2 h6 10. h3 Be6 11. Ne5 Nd7 12. cxd5 Nxd5 13. Nxd5 cxd5 14. Qd2 Nxe5
15. dxe5 Qd7 16. Rfd1 Rad8 17. Kh2 Qb5 18. Qe3 b6 19. Rd4 Rc8 20. Rad1 Rc2 21.
R4d2 Rxd2 22. Qxd2 Rc8 23. f4 h5 24. e3 a5 25. Ba3 Rc7 26. Bf1 Qc6 27. Rc1 Qb7
28. Ba6 Qb8 29. Rc2 f6 30. Qc1 Rxc2+ 31. Qxc2 Kf7 32. exf6 Bxf6 33. Bd3 Qg8 34.
h4 Bd7 35. e4 dxe4 36. Bc4+ e6 37. Qxe4 b5 38. Bxb5 Qc8 39. Bd3 Qg8 40. Bd6 Bh8
41. Qb7 Qc8 42. Qa7 Qc6 43. Bc5 Bc3 44. Be4 Qb5 45. Qc7 Qe2+ 46. Bg2 Qd2 47.
Qd8 Kg7 48. Bf8+ Kf7 49. Qe7+ Kg8 50. Qd8 Bc6 51. Bd6+ Kh7 52. Qc7+ 1-0

[Event "Kretsmesterskap  i lagsjakk for Troms og"]
[Site "Hotell Thon - Arena Hall"]
[Date "2025.02.01"]
[Round "2"]
[White "Remman, Frank"]
[Black "Hansen, Ola"]
[Result "1-0"]
[WhiteElo "1869"]
[BlackElo "1639"]
[PlyCount "57"]
[EventDate "2025.??.??"]

1. d4 d5 2. Nf3 Nf6 3. c4 e6 4. g3 a6 5. Qc2 dxc4 6. Qxc4 c5 7. Bg2 Nc6 8. O-O
Nxd4 9. Nxd4 Qxd4 10. Qc2 Be7 11. Rd1 Qb4 12. Na3 O-O 13. Nc4 Rd8 14. Bd2 Qb5
15. a4 Qe8 16. Nb6 Ra7 17. Bf4 Rxd1+ 18. Rxd1 Nd7 19. a5 f6 20. b4 Nxb6 21.
axb6 Ra8 22. bxc5 e5 23. Qc4+ Kf8 24. Be3 Qb5 25. Qxb5 axb5 26. c6 Rb8 27. c7
Ra8 28. Rd8+ Kf7 29. Rxc8 1-0

[Event "Kretsmesterskap  i lagsjakk for Troms og"]
[Site "Hotell Thon - Arena Hall"]
[Date "2025.02.02"]
[Round "4"]
[White "Remman, Frank"]
[Black "Madsen, Erlend"]
[Result "1-0"]
[WhiteElo "1869"]
[BlackElo "1641"]
[PlyCount "65"]
[EventDate "2025.??.??"]

1. d4 d5 2. Nf3 Nf6 3. c4 e6 4. g3 c5 5. Bg2 Nc6 6. O-O Be7 7. dxc5 dxc4 8. Qc2
Bxc5 9. Nbd2 O-O 10. Nxc4 Qe7 11. a3 Bd7 12. b4 Bb6 13. Bf4 Nd4 14. Nxd4 Bxd4
15. Bd6 Qd8 16. Rad1 Bb6 17. Bxb7 Rb8 18. Bxb8 Qxb8 19. Nxb6 Qxb7 20. Nxd7 Nxd7
21. Rc1 Nf6 22. Qc7 Qa6 23. Qa5 Qb6 24. Qxb6 axb6 25. Rc6 Rb8 26. Rfc1 h6 27.
Rc8+ Rxc8 28. Rxc8+ Kh7 29. Rb8 Nd5 30. e4 Nc3 31. Rxb6 Nxe4 32. a4 Nc3 33. a5
1-0

[Event "Kretsmesterskap  i lagsjakk for Troms og"]
[Site "Hotell Thon - Arena Hall"]
[Date "2025.02.01"]
[Round "3"]
[White "Ryseth, Alf"]
[Black "Aanstad, Magnus"]
[Result "0-1"]
[WhiteElo "1624"]
[BlackElo "1984"]
[PlyCount "59"]
[EventDate "2025.??.??"]

1. d4 Nf6 2. c4 e5 3. dxe5 Ng4 4. Bf4 g5 5. Bg3 Bg7 6. Nf3 Nc6 7. e3 Ngxe5 8.
Nxe5 Nxe5 9. Nc3 d6 10. Be2 Be6 11. Rc1 Qd7 12. b3 O-O-O 13. O-O h5 14. h4 gxh4
15. Bxh4 Rdg8 16. Ne4 Ng4 17. Ng5 Be5 18. Nf3 Bf6 19. Bxf6 Nxf6 20. Nh4 Qe7 21.
g3 Bh3 22. Re1 Ne4 23. Ng2 h4 24. g4 f5 25. f3 Bxg2 26. Kxg2 fxg4 27. fxg4 Qe5
28. Rf1 h3+ 29. Kh1 Ng3+ 30. Kg1 0-1

[Event "Kretsmesterskap  i lagsjakk for Troms og"]
[Site "Hotell Thon - Arena Hall"]
[Date "2025.01.31"]
[Round "1"]
[White "Ryseth, Alf"]
[Black "Schjelderup, Nils-Jakob"]
[Result "1/2-1/2"]
[WhiteElo "1624"]
[BlackElo "1831"]
[PlyCount "59"]
[EventDate "2025.??.??"]

1. d4 Nf6 2. c4 g6 3. Nc3 c5 4. d5 e6 5. e4 exd5 6. cxd5 d6 7. f4 Bg7 8. Bb5+
Nfd7 9. Nf3 O-O 10. O-O a6 11. Bd3 b5 12. Qe2 Re8 13. Qf2 Qc7 14. Rb1 Nf6 15.
h3 b4 16. e5 bxc3 17. exf6 Bxf6 18. bxc3 Bxc3 19. Bb2 Bxb2 20. Rxb2 Nd7 21. f5
Ne5 22. Nxe5 Rxe5 23. fxg6 f5 24. gxh7+ Qxh7 25. Qg3+ Kh8 26. Rf4 Qg7 27. Qh4+
Kg8 28. Qd8+ Qf8 29. Qg5+ Qg7 30. Qd8+ 1/2-1/2

[Event "Kretsmesterskap  i lagsjakk for Troms og"]
[Site "Hotell Thon - Arena Hall"]
[Date "2025.02.01"]
[Round "3"]
[White "Røyset, Pål"]
[Black "Fredriksen, Johnny"]
[Result "1-0"]
[WhiteElo "2092"]
[BlackElo "1812"]
[PlyCount "55"]
[EventDate "2025.??.??"]

1. e4 c5 2. Nc3 Nc6 3. f4 e6 4. Nf3 g6 5. Bb5 Bg7 6. Bxc6 dxc6 7. e5 Nh6 8. Ne4
Qe7 9. b4 cxb4 10. a3 O-O 11. O-O Rd8 12. axb4 Qxb4 13. Qe2 Nf5 14. Ba3 Qb6+
15. Bc5 Qc7 16. Qf2 Rd5 17. Bxa7 b5 18. Bc5 Rxa1 19. Rxa1 h5 20. Ra7 Qb8 21. h3
Bb7 22. g4 hxg4 23. hxg4 Nh6 24. Bd6 Rxd6 25. Nxd6 Bc8 26. Re7 Nxg4 27. Qh4
Qb6+ 28. d4 1-0

[Event "Kretsmesterskap  i lagsjakk for Troms og"]
[Site "Hotell Thon - Arena Hall"]
[Date "2025.01.31"]
[Round "1"]
[White "Røyset, Pål"]
[Black "Remman, Frank"]
[Result "1-0"]
[WhiteElo "2092"]
[BlackElo "1869"]
[PlyCount "61"]
[EventDate "2025.??.??"]

1. e4 c5 2. Nf3 e6 3. d4 cxd4 4. Nxd4 Nc6 5. Nxc6 bxc6 6. Bd3 d6 7. O-O e5 8.
Na3 Nf6 9. f4 Be7 10. Nc4 Qc7 11. Qf3 O-O 12. fxe5 dxe5 13. Qg3 Re8 14. Bh6 g6
15. Rf3 Bc5+ 16. Kh1 Nh5 17. Qh4 Be6 18. Raf1 Bf8 19. Bg5 h6 20. Bd2 Be7 21.
Qf2 Bg5 22. Ba5 Qb8 23. Bc3 f6 24. h4 Bf4 25. g3 Bg4 26. gxf4 Bxf3+ 27. Qxf3
Nxf4 28. Qg4 Qc7 29. Rxf4 exf4 30. Bxf6 Qf7 31. e5 1-0

[Event "Kretsmesterskap  i lagsjakk for Troms og"]
[Site "Hotell Thon - Arena Hall"]
[Date "2025.02.02"]
[Round "5"]
[White "Røyset, Pål"]
[Black "Ryseth, Alf"]
[Result "1-0"]
[WhiteElo "2092"]
[BlackElo "1624"]
[PlyCount "50"]
[EventDate "2025.??.??"]

1. e4 e5 2. Nf3 Nc6 3. d4 exd4 4. Nxd4 Nf6 5. Nc3 Bb4 6. Nxc6 Bxc3+ 7. bxc3
bxc6 8. Bd3 d6 9. O-O O-O 10. Bg5 Re8 11. f4 h6 12. Bh4 Qe7 13. Qf3 Qe6 14.
Rae1 Bd7 15. h3 d5 16. e5 Ne4 17. Rxe4 dxe4 18. Qxe4 g6 19. Bc4 Qf5 20. Qe2 Qh5
21. Qf2 Qf5 22. Bd3 Qe6 23. Bf6 c5 24. Qh4 h5 25. Qg5 Kh7 1-0

[Event "Kretsmesterskap  i lagsjakk for Troms og"]
[Site "Hotell Thon - Arena Hall"]
[Date "2025.02.02"]
[Round "5"]
[White "Schjelderup, Nils-Jakob"]
[Black "Randers-Pehrson, Aslak"]
[Result "1-0"]
[WhiteElo "1831"]
[BlackElo "1507"]
[PlyCount "57"]
[EventDate "2025.??.??"]

1. e4 d5 2. d4 e6 3. e5 c5 4. c3 Nc6 5. Nf3 cxd4 6. cxd4 Bb4+ 7. Nc3 Nge7 8. a3
Bxc3+ 9. bxc3 Nf5 10. Bd3 O-O 11. Qc2 Qc7 12. g4 Nh6 13. Bxh7+ Kh8 14. Bxh6
gxh6 15. Bd3 f5 16. gxf5 exf5 17. Rg1 Be6 18. Rg6 Bg8 19. Ke2 Qh7 20. Rag1 Ne7
21. R6g3 Be6 22. Qd2 Rg8 23. Rh3 Rg6 24. Rxg6 Nxg6 25. Rxh6 Rg8 26. Rxh7+ Kxh7
27. Ng5+ Kh8 28. Nxe6 b5 29. Qh6# 1-0

[Event "Kretsmesterskap  i lagsjakk for Troms og"]
[Site "Hotell Thon - Arena Hall"]
[Date "2025.02.02"]
[Round "4"]
[White "Schjelderup, Nils-Jakob"]
[Black "Røyset, Pål"]
[Result "1/2-1/2"]
[WhiteElo "1831"]
[BlackElo "2092"]
[PlyCount "81"]
[EventDate "2025.??.??"]

1. e4 c5 2. Nf3 e6 3. c3 d5 4. exd5 exd5 5. d4 Nc6 6. Be3 c4 7. Be2 Bd6 8. Nbd2
h6 9. b3 cxb3 10. axb3 Bf5 11. Nf1 Nf6 12. Ng3 Bh7 13. O-O O-O 14. c4 Re8 15.
c5 Bc7 16. Bd3 Ne4 17. Bxe4 dxe4 18. Ne1 Nb4 19. Nc2 Nd5 20. Qd2 a5 21. Ne2 Qh4
22. g3 Qh5 23. Nf4 Bxf4 24. Bxf4 Bf5 25. Rfc1 Bh3 26. Bd6 Qf3 27. Ne1 Qxb3 28.
Rab1 Qa4 29. Rxb7 Qc6 30. Rb3 a4 31. Ra3 Qb5 32. Ng2 Bxg2 33. Kxg2 Qc6 34. Kg1
Re6 35. Rca1 g5 36. Rc1 Kg7 37. Rca1 Rae8 38. Re1 f6 39. Qc1 Rc8 40. Qd2 Rce8
41. Qc1 1/2-1/2

[Event "Kretsmesterskap  i lagsjakk for Troms og"]
[Site "Hotell Thon - Arena Hall"]
[Date "2025.02.01"]
[Round "3"]
[White "Schjelderup, Nils-Jakob"]
[Black "Åkre, Jonathan S."]
[Result "1-0"]
[WhiteElo "1831"]
[BlackElo "1461"]
[PlyCount "51"]
[EventDate "2025.??.??"]

1. e4 e6 2. d4 d5 3. e5 c5 4. c3 Nc6 5. Nf3 Qb6 6. a3 a5 7. Be2 Nh6 8. O-O Nf5
9. dxc5 Bxc5 10. Nbd2 O-O 11. Nb3 Bd7 12. Nxc5 Qxc5 13. g4 Nfe7 14. Be3 d4 15.
cxd4 Qd5 16. Rc1 Bc8 17. Bd3 b6 18. Ng5 g6 19. Ne4 Kh8 20. Nf6 Qd8 21. Be4 Bb7
22. Qf3 Nd5 23. Bxd5 exd5 24. Qh3 h5 25. gxh5 Kg7 26. Bh6+ 1-0

[Event "Kretsmesterskap  i lagsjakk for Troms og"]
[Site "Hotell Thon - Arena Hall"]
[Date "2025.02.01"]
[Round "2"]
[White "Schouten, Ken R."]
[Black "Jensen, Stein"]
[Result "0-1"]
[WhiteElo "1544"]
[BlackElo "1979"]
[PlyCount "70"]
[EventDate "2025.??.??"]

1. Nf3 g6 2. d4 Bg7 3. c4 f5 4. Nc3 Nf6 5. Bf4 O-O 6. Qd2 Re8 7. h3 d6 8. e3
Nbd7 9. d5 e5 10. dxe6 Nc5 11. Be2 Nxe6 12. Bh2 a5 13. O-O Nc5 14. Qc2 b6 15.
Rfd1 Bb7 16. Rd2 Rf8 17. Rad1 h6 18. Nd4 Qd7 19. Bf3 Nfe4 20. Nxe4 Bxe4 21.
Bxe4 fxe4 22. b3 Rf7 23. f3 exf3 24. Nxf3 g5 25. e4 g4 26. Ne5 Bxe5 27. Bxe5
Qe6 28. Bxd6 cxd6 29. Rxd6 Qxe4 30. Qc1 gxh3 31. R1d2 Rg7 32. Qc2 Qe1+ 33. Kh2
Qe5+ 34. Kh1 hxg2+ 35. Rxg2 Qxd6 0-1

[Event "Kretsmesterskap  i lagsjakk for Troms og"]
[Site "Hotell Thon - Arena Hall"]
[Date "2025.02.02"]
[Round "5"]
[White "Schouten, Ken R."]
[Black "Kristensen, Kjell O."]
[Result "0-1"]
[WhiteElo "1544"]
[BlackElo "1990"]
[PlyCount "51"]
[EventDate "2025.??.??"]

1. Nf3 c5 2. c4 Nc6 3. Nc3 g6 4. g3 Bg7 5. Bg2 e6 6. O-O Nge7 7. d3 d5 8. cxd5
exd5 9. Bf4 a6 10. Re1 O-O 11. Qb3 b5 12. e4 d4 13. Ne2 Be6 14. Qd1 Rc8 15. Rc1
Na5 16. b4 cxb4 17. Rxc8 Nxc8 18. e5 Nc6 19. Qb1 Nb6 20. Ng5 Bd5 21. e6 Bxg2
22. exf7+ Rxf7 23. Kxg2 Qd5+ 24. Kg1 Re7 25. Ne4 Na4 26. Bd6 0-1

[Event "Kretsmesterskap  i lagsjakk for Troms og"]
[Site "Hotell Thon - Arena Hall"]
[Date "2025.02.02"]
[Round "5"]
[White "Schouten, Mathias L."]
[Black "Jakobsen, Robert"]
[Result "1-0"]
[WhiteElo "2268"]
[BlackElo "1725"]
[PlyCount "42"]
[EventDate "2025.??.??"]

1. e4 c6 2. d4 d5 3. Nc3 dxe4 4. Nxe4 Nf6 5. Ng5 h6 6. Nxf7 Kxf7 7. Nf3 Nbd7 8.
Bd3 Qa5+ 9. Bd2 Qh5 10. O-O Ke8 11. c4 g5 12. Qc2 Rg8 13. Rfe1 Kd8 14. Rad1 Kc7
15. d5 Nc5 16. dxc6 Nxd3 17. cxb7 Bxb7 18. Ba5+ Kb8 19. Qxd3 Bxf3 20. Qd8+ Kb7
21. Qc7+ Ka6 1-0

[Event "Kretsmesterskap  i lagsjakk for Troms og"]
[Site "Hotell Thon - Arena Hall"]
[Date "2025.02.01"]
[Round "3"]
[White "Schouten, Mathias L."]
[Black "Larsen, Martin H."]
[Result "1-0"]
[WhiteElo "2268"]
[BlackElo "2009"]
[PlyCount "83"]
[EventDate "2025.??.??"]

1. e4 c5 2. Nf3 Nc6 3. d4 cxd4 4. Nxd4 g6 5. c4 Bg7 6. Be3 Qa5+ 7. Nc3 Nf6 8.
Nb3 Qd8 9. Be2 d6 10. O-O O-O 11. Rc1 Be6 12. f3 Rc8 13. Qd2 Na5 14. Nxa5 Qxa5
15. Nd5 Qd8 16. b3 b6 17. Rfd1 Nd7 18. Bg5 Bxd5 19. exd5 f5 20. Bf1 Rf7 21. Re1
Qf8 22. Rc2 h6 23. Bh4 Ne5 24. Bf2 f4 25. a4 g5 26. a5 g4 27. Be2 Rf5 28. fxg4
Rg5 29. Bh4 Rg6 30. Rf1 Nxg4 31. Rxf4 Nf6 32. Qd3 Qe8 33. Qf5 e6 34. Qxe6+ Qxe6
35. dxe6 Nd5 36. Re4 Be5 37. Rxe5 dxe5 38. Bd3 Rg4 39. cxd5 Rxc2 40. Bxc2 Rxh4
41. Bg6 Kf8 42. d6 1-0

[Event "Kretsmesterskap  i lagsjakk for Troms og"]
[Site "Hotell Thon - Arena Hall"]
[Date "2025.01.31"]
[Round "1"]
[White "Schouten, Mathias L."]
[Black "Machlik, Monika"]
[Result "1/2-1/2"]
[WhiteElo "2268"]
[BlackElo "2107"]
[PlyCount "136"]
[EventDate "2025.??.??"]

1. e4 c6 2. d4 d5 3. Nc3 dxe4 4. Nxe4 Nf6 5. Nxf6+ exf6 6. c3 Bd6 7. Bd3 O-O 8.
Ne2 Re8 9. O-O Nd7 10. Ng3 g6 11. a4 Bf8 12. a5 a6 13. Bf4 f5 14. Re1 Rxe1+ 15.
Qxe1 Bg7 16. Nf1 Nf6 17. Be5 Be6 18. Ne3 Nd5 19. Bxg7 Kxg7 20. Nc4 Qc7 21. Bf1
Re8 22. Qe5+ Qxe5 23. Nxe5 Nf6 24. Nd3 Ne4 25. f3 Nd6 26. Nc5 Bc8 27. Kf2 f4
28. Bd3 g5 29. Ne4 Nxe4+ 30. Bxe4 f5 31. Bc2 Kf6 32. Ra4 Rd8 33. Ke2 Re8+ 34.
Kf2 Rd8 35. Ra1 Re8 36. Bd3 h6 37. Bc4 Re7 38. Ra4 Rd7 39. Rb4 Rd6 40. Ke2 g4
41. Kf2 Kg5 42. Ra4 Rd8 43. Ra1 Re8 44. Rd1 h5 45. Bf1 Kf6 46. c4 Rd8 47. Ke2
Be6 48. Kd3 Rg8 49. Rd2 gxf3 50. gxf3 Rg1 51. Rf2 Bf7 52. Kc3 Ke6 53. Bd3 Ra1
54. Kb4 Rd1 55. Kc3 Ra1 56. Re2+ Kf6 57. Kb4 Rd1 58. Kc3 Ra1 59. Re5 Be6 60.
Rc5 Rc1+ 61. Kd2 Rh1 62. d5 Rxh2+ 63. Kc3 Bd7 64. b4 Ra2 65. d6 Ra1 66. Kd2
Ra2+ 67. Kc3 Ra1 68. Kd2 Ra2+ 1/2-1/2

[Event "Kretsmesterskap  i lagsjakk for Troms og"]
[Site "Hotell Thon - Arena Hall"]
[Date "2025.02.02"]
[Round "5"]
[White "Selnes, Odd K."]
[Black "Arneberg, Isak"]
[Result "1-0"]
[WhiteElo "1873"]
[BlackElo "1445"]
[PlyCount "81"]
[EventDate "2025.??.??"]

1. c4 e5 2. Nc3 Nc6 3. g3 b6 4. Bg2 Bb7 5. d3 Nf6 6. Nf3 Bb4 7. Nxe5 Bxc3+ 8.
bxc3 d5 9. Nxc6 Bxc6 10. O-O Qd7 11. cxd5 Nxd5 12. c4 Nf6 13. Bxc6 Qxc6 14. Bb2
Ng4 15. Qd2 O-O 16. Qg5 Qg6 17. Qxg6 hxg6 18. h3 Nf6 19. d4 Rfe8 20. e3 Kf8 21.
Rfd1 Ke7 22. Kg2 Rh8 23. f3 Rh6 24. e4 Rah8 25. Rh1 g5 26. e5 Nd7 27. Rad1 f5
28. exf6+ gxf6 29. Rde1+ Kf7 30. Bc1 Rh5 31. f4 gxf4 32. Bxf4 c5 33. g4 R5h7
34. d5 Kg6 35. Kg3 Rg8 36. h4 f5 37. Re6+ Kf7 38. g5 a5 39. h5 Nf6 40. Rxf6+
Ke7 41. Rxb6 1-0

[Event "Kretsmesterskap  i lagsjakk for Troms og"]
[Site "Hotell Thon - Arena Hall"]
[Date "2025.02.01"]
[Round "3"]
[White "Selnes, Odd K."]
[Black "Carlsen, Kjell A."]
[Result "1-0"]
[WhiteElo "1873"]
[BlackElo "1662"]
[PlyCount "51"]
[EventDate "2025.??.??"]

1. c4 e5 2. Nc3 d6 3. d3 Nf6 4. g3 Be7 5. Bg2 O-O 6. Nf3 Nc6 7. O-O Rb8 8. a3
Nd4 9. b4 Nxf3+ 10. Bxf3 Bg4 11. Bg2 Qd7 12. Re1 Bh3 13. Bh1 h5 14. f3 h4 15.
e4 hxg3 16. hxg3 Nh5 17. Kh2 Be6 18. f4 Bg4 19. Bf3 Bxf3 20. Qxf3 Nf6 21. f5
Nh7 22. Qh5 Qd8 23. Kg2 Bg5 24. Rh1 Bh6 25. Bxh6 Qf6 26. Bg5 1-0